000
00326 a2200157 4500
001
160546
020
_a
040
_c
Magnum
100
_a
Piochi, Eduardo
240
1
0
_a
Depois que o mundo dormiu
_l
por
245
1
0
_a
Depois que o mundo dormiu
362
0
_a
1899
440
1
_a
Ática
697
_a
IJ/GERAL
942
_c
BK
999
_c
160546
_d
160546